Soil mechanics and foundations /

This book presents the principles of soil mechanics and its application to foundation analyses.

Na minha lista:
Detalhes bibliográficos
Autor principal: Budhu, Muni.
Formato: Livro
Idioma:English
Publicado em: New York ; Chichester : John Wiley and Sons, 2000.
Assuntos:
Tags: Adicionar Tag
Sem tags, seja o primeiro a adicionar uma tag!
Thư viện lưu trữ: Mạng thư viện Đại học Đà Nẵng
LEADER 00951cam a2200349 i 4500
001 000048052
003 7750
005 20030319083717.0
008 010324|2000 vm 000 eng
020 |a 047125231X 
040 |a IRC  |c IRC  |d IRC 
041 0 |a eng 
082 1 4 |a 624.15136221  |b BU-M 
100 1 |a Budhu, Muni. 
245 0 0 |a Soil mechanics and foundations /  |c Muni Budhu. 
260 |a New York ; Chichester :  |b John Wiley and Sons,  |c 2000. 
300 |a 568p. ;  |c 25cm. 
520 3 |a This book presents the principles of soil mechanics and its application to foundation analyses. 
630 0 4 |a Soil mechanics. 
630 0 4 |a Foundations. 
650 0 4 |a Foundations. 
650 0 4 |a Soil mechanics. 
OWN |a DUT 
999 |a From the UDN01 
TYP |a Monograph 
TYP |a Printed language 
980 |a Mạng thư viện Đại học Đà Nẵng